| 000 | 00373nam a2200133 i 4500 | ||
|---|---|---|---|
| 001 | bg | ||
| 245 | 0 |
_aRaumliche Dachtragwerke Konstruktion und Ausfuhrung. _nBd. 1, _pBeton Holz Keramik / _cHerrmann Rühle [et al.]. |
|
| 260 |
_aBerlin, _c1969. |
||
| 700 | 1 | _aRÜHLE, Herrmann. | |
| 040 | _cBPK | ||
| 041 | _apol | ||
| 942 | _cKS | ||
| 008 | s pl f |000 0 pol | ||
| 999 |
_c14756 _d14756 |
||
| 856 |
_uhttp://koha.tu.koszalin.pl/cgi-bin/koha/opac-detail.pl?biblionumber=14756 _yKatalog online BPK |
||